|
|
|
|
| LEADER |
00863nam a2200253 a 4500 |
| 001 |
12381983 |
| 008 |
100209s2002 maua 001 0 eng d |
| 010 |
|
|
|a \\2001031644
|
| 020 |
|
|
|a 0321006828
|
| 020 |
|
|
|a 0321020456
|
| 020 |
|
|
|a 0321020464
|
| 040 |
|
|
|a DLC
|c DLC
|d DLC
|d BD-DhAAL
|
| 082 |
0 |
0 |
|a 515
|2 21
|
| 100 |
1 |
|
|a Johnston, Elgin H.
|
| 245 |
1 |
0 |
|a Calculus /
|c Elgin H. Johnston, Jerold C. Mathews.
|
| 260 |
|
|
|a Boston :
|b Addison-Wesley,
|c 2002.
|
| 300 |
|
|
|a xxiii, 1134, 64, 10 p. :
|b ill.,col. ;
|c 26 cm.
|
| 504 |
|
|
|a Includes index.
|
| 541 |
1 |
|
|e 00009690
|
| 650 |
|
0 |
|a Calculus.
|
| 700 |
1 |
|
|a Mathews, Jerold C.
|
| 852 |
4 |
|
|a Ayesha Abed Library
|j General Shelf
|
| 999 |
|
|
|c 7413
|d 7413
|
| 952 |
|
|
|0 0
|1 0
|2 ddc
|4 0
|6 515_JOH_200200000000000
|7 0
|9 7936
|a BRACUL
|b BRACUL
|c GEN
|d 2010-02-09
|l 35
|m 113
|o 515 JOH
|p 3010009690
|q 2026-03-11
|r 2026-03-04
|s 2026-03-04
|t 1
|w 2010-02-09
|y BK
|